000 00611nam a2200205Ii 4500
003 JO-AjNU
008 230605s9999||||xx |||||||||||||| ||und||
040 _aJO-AjNU
_bara
_erda
_cJO-AjNU
041 _aara
050 1 4 _aPJ7974 2014
100 3 _aيعقوب، سعيد,
_eauthor
_950032
245 0 0 _aأعذاق: شعر
250 _aط1
264 3 1 _aعمان:دار يافا العلمية، 2014
300 _a258ص
336 _atext
_btxt
_2rdacontent
337 _aunmediated
_bn
_2rdamedia
338 _avolume
_bnc
_2rdacarrier
650 4 _aالشعر العربي - العصر الحديث
_950033
999 _aA22013
_c25581
_d25581